|
|
|
|
| LEADER |
00000nab a2200000 a 4500 |
| 001 |
vtls000114987 |
| 003 |
SK-MaSNL |
| 005 |
20260304072249.0 |
| 008 |
250423c1982 xo 0 slo |
| 015 |
|
|
|a SNBRB19rr/mm-uuuuu
|
| 035 |
|
|
|a CL0125091
|
| 035 |
|
|
|a urn:nbn:sk:snk-abf07t
|
| 035 |
|
|
|a (urnnbn)urn:nbn:sk:snk:ar-003uzm
|
| 035 |
|
|
|a (uuid)2a68f811-0289-4ea3-b038-ffd58baf062a
|
| 040 |
|
|
|a SNKBUCL
|b slo
|c SNKBUCL
|e AACR2
|
| 041 |
0 |
|
|a slo
|
| 044 |
|
|
|a xo
|c SK
|
| 080 |
|
|
|a 665
|2 1981
|
| 100 |
1 |
|
|a Koman, Václav,
|d 1927-
|4 aut
|9 208319
|
| 245 |
1 |
0 |
|a Štúdium látok nezmydelniteľných podielov, odstraňovaných v procese priemyselnej dezodorizácie olejov. I. Repkový olej
|c Václav Koman, Mária Takácsová, Alica Lacková
|
| 300 |
|
|
|b Obr. 5. Tb. 5. Res. angl., rus.
|
| 650 |
0 |
7 |
|a repkový olej
|2 snkbucl
|9 162454
|
| 650 |
0 |
7 |
|a dezodorizácia olejov
|2 snkbucl
|9 1359809
|
| 650 |
0 |
7 |
|a látky nezmydelniteľných podielov
|2 snkbucl
|9 1359810
|
| 655 |
|
7 |
|a články z novín a časopisov
|2 snkbucl
|9 267496
|
| 700 |
1 |
|
|a Takácsová, Mária
|4 aut
|9 283790
|
| 700 |
1 |
|
|a Lacková, Alica,
|d 1946-
|4 aut
|9 7205
|
| 773 |
0 |
|
|t Poľnohospodárstvo
|g Roč. 28, č. 2 (1982), s. 183-198
|
| 850 |
|
|
|a Slovenská národná knižnica
|
| 852 |
|
|
|a Slovenská národná knižnica
|
| 954 |
|
|
|a odborná, vedecká literatúra pôvodná (slovenská)
|2 lita
|
| 958 |
|
|
|a article27
|
| 958 |
|
|
|a RK
|
| 958 |
|
|
|a OND
|
| 958 |
|
|
|a EUIPO
|
| 992 |
|
|
|a RBX
|
| 999 |
|
|
|c 2765570
|d 2767500
|